00459nam a2200121Ia 4500008004100000100003000041245004700071245003900118260000900157856007900166999001900245952007300264160531s9999 xx 000 0 und d aMorales Gonzalez, Jose A. aBasic Cardiopulmonary Resuscitation Manual cEdited by Jose A. Morales Gonzalez c2013 uhttp://www.intechopen.com/books/basic-cardiopulmonary-resuscitation-manual c295416d295416 001040aCLbCLd2016-05-31l0r2016-05-31 00:00:00w2016-05-31yCBE